Statistics for Weird Wisconsin

Click here to take the quiz!

General Stats

  • This quiz has been taken 228 times
  • The average score is 5 of 16

Answer Stats

Hint Answer % Correct
This town has an "O" for every other letter in its nameOconomowoc
66%
Wisconsin is the largest American producer of this Asian SauceSoy Sauce
59%
The world's busiest airport for one week a year is found at what event in Oshkosh?EAA
46%
Legend says that Rib Mountain was formed when whose body was buried?Paul Bunyan
43%
The toilet paper capital of the world was originally known as "Baie des puants" (Bay of Bad Odors) Thankfully, it smells fine, now!Green Bay
42%
Wisconsin is the world's largest producer of this herbal remedy, with origins in Asiaginseng
39%
This former U.S. President turned down an offer to play for the Green Bay PackersGerald Ford
37%
The first archaeologist to discover fossilized dinosaur eggs was quite an adventurer. Roy Chapman Andrews, a native of Beloit and professor at Beloit College was the inspiration for fictional archaeologist ___________ _________.Indiana Jones
35%
Eagle River hosts the annual World Championship of _________ RacingSnowmobile
31%
Seymour, WI claims to be the home of this foodhamburger
25%
Kenosha is the home of what underwear company?Jockey
23%
The Lumberjack World Championships are held each year inHayward
23%
Two Rivers claims to be the home of this dessertIce Cream Sundae
22%
What is Wisconsin's National Park (not national forest)?Apostle
20%
The town of Winneconne declared war and threatened to secede when it was omitted from the state _______ in 1967.Map
18%
The largest cross-country ski marathon is calledBirkebeiner
14%

Score Distribution

Percentile by Number Answered

Percent of People with Each Score

Your Score History

You have not taken this quiz